hiszpanski na A i B - Statystyki

Ogólne statystyki
  • Ten quiz został rozwiązany 11 razy
    6 od ostatniego zresetowania
  • Średni wynik to 7 z 26
Statystyki odpowiedzi
Hint Odpowiedź % Poprawnych
wzrastać/zwiększać aumentar
100%
pojawiać się aparecer
75%
co więcej, oprócz tego, ponadto además
50%
potwierdzać/stwierdzać afirmar
50%
ogłaszać/reklamować anunciar
50%
(s)korzystać/wykorzystać aprovechar
50%
asekurować/zapewniać asegurar
50%
za/z tyłu/w tyle átras
50%
przypominać sobie acordarse
25%
przybić/stawić się acudir
25%
uzyskać/nabyć adquirir
25%
szeroki/obszerny = ancho amplio
25%
poprzedni/wcześniejszy anterior
25%
(za)stosować aplicar
25%
sprawa/kwestia asunto
25%
całkowity/zupełny absoluto
0%
przypadkiem/może/być może acaso
0%
postawa/stanowisko actitud
0%
ostrzegać/zwracać uwagę advertir
0%
wpływać na coś/oddziaływać/dotykać afectar
0%
osiągać/dosięgać alcanzar
0%
oba/obydwa/oboje ambos
0%
ledwo/zaledwie apenas
0%
iść naprzód/robić postępy avanzar
0%
wystarczać bastar
0%
wcale (w ogóle) en absoluto
0%
Nie znaleziono quizów pasujących do podanych kryteriów
Rozkład punktacji
Procent ludzi z każdym wynikiem
Percentyl według liczby udzielonych odpowiedzi
Twoja historia wyników
Nie rozwiązałeś tego quizu od ostatniego zresetowania